| 000 | 00506cam a2200169 a 4500 | ||
|---|---|---|---|
| 001 | 000034244 | ||
| 005 | 20200930070911.0 | ||
| 008 | 770721s1978 es 000 0 spa | ||
| 040 |
_aDO-SdBNP _bspa _cBNPHU |
||
| 082 |
_aG863.4 _bG633q |
||
| 100 | 1 |
_aAvilés Ramírez, Eduardo _d1873-1927. _959661 |
|
| 245 | 1 | 3 |
_aEl libro de las crónicas / _cEduardo Avilés Ramírez. |
| 260 |
_aCaraca : _bEdiciones Presidencia de la República, _c1978. |
||
| 300 |
_a248 p. ; _c23 cm. |
||
| 049 | _aBNPD | ||
| 049 | _aBNGR | ||
| 999 |
_c33735 _d33735 |
||